000 00456nam a2200169Ia 4500
008 230917s9999||||xx |||||||||||||| ||und||
020 _cRS960
040 _e245937
_aMAIN
041 _aEnglish
082 _a514 G621B
100 _aGoodman, Sue E
245 0 _aBeginning topology
260 _aRhode Island
_bAmerican Mathematical Society
_c2013
300 _axiii, 236 p.
500 _a3045 22/02/2018 RBP18/69311 01/03/2018 Main Budget
942 _cBK
999 _c26034
_d26034